| 000 | 00390 a2200157 4500 | ||
|---|---|---|---|
| 005 | 20250629150327.0 | ||
| 020 | _a9789912983793 | ||
| 082 | _a891.73 PUS | ||
| 100 | _aPUSHKIN,A. | ||
| 245 | _aMvuvi na Samaki na Hadithi nyingine | ||
| 260 |
_aDar es Salaam, _bDhahabu Publishers, _c2000's. |
||
| 300 |
_a87p. _c21cm |
||
| 700 | _aMadumula,J.S. | ||
| 700 | _aMbigili,M.J. | ||
| 942 |
_2ddc _cBKS |
||
| 999 |
_c6419 _d6419 |
||